পরমাণু-চুল্লী : (Record no. 70828)
[ view plain ]
| 000 -LEADER | |
|---|---|
| fixed length control field | 01055nam a2200253 a 4500 |
| 001 - CONTROL NUMBER | |
| control field | 70828 |
| 003 - CONTROL NUMBER IDENTIFIER | |
| rucl marc code | BD-RjUL |
| 005 - DATE AND TIME OF LATEST TRANSACTION | |
| control field | 20211209082038.0 |
| 008 - FIXED-LENGTH DATA ELEMENTS--GENERAL INFORMATION | |
| fixed length control field | 170420s1992 bg a|||| b||| 00| 0 ben d |
| 020 ## - INTERNATIONAL STANDARD BOOK NUMBER | |
| International Standard Book Number | 9840726633 : |
| Terms of availability | : TK.150.00 |
| 035 ## - SYSTEM CONTROL NUMBER | |
| System control number | (BD-RjUL)71042 |
| 040 ## - CATALOGING SOURCE | |
| Original cataloging agency | BD-RjUL |
| Language of cataloging | ben |
| Transcribing agency | BD-RjUL |
| Modifying agency | BD-RjUL |
| 041 ## - LANGUAGE CODE | |
| Language code of text/sound track or separate title | ben |
| 082 ## - DEWEY DECIMAL CLASSIFICATION NUMBER | |
| Edition number | 23 |
| Classification number | 621.483 |
| Author mark and year | AHP 1992 |
| 100 ## - MAIN ENTRY--PERSONAL NAME | |
| Personal name | আহাদ, আ.ও.ম. আবদুল |
| 9 (RLIN) | 209625 |
| 245 ## - TITLE STATEMENT | |
| Title | পরমাণু-চুল্লী : |
| Remainder of title | তত্ত্ব ও প্রযুক্তি / |
| Statement of responsibility, etc. | আ.ও.ম. আবদুল আহাদ; কামাল আহমেদ |
| 260 ## - PUBLICATION, DISTRIBUTION, ETC. (IMPRINT) | |
| Place of publication, distribution, etc. | ঢাকা : |
| Name of publisher, distributor, etc. | বাংলা একাডেমী, |
| Date of publication, distribution, etc. | ১৯৯২. |
| 300 ## - PHYSICAL DESCRIPTION | |
| Pagination | [পনের], ৪৭১ পৃ. : |
| Illustrations | চিত্র. ; |
| Size | ২৪ সে.মি. |
| 504 ## - BIBLIOGRAPHY, ETC. NOTE | |
| Bibliography, etc | গ্রন্থপজ্ঞী সংযুক্ত. |
| 650 ## - SUBJECT ADDED ENTRY--TOPICAL TERM | |
| Topical term or geographic name as entry element | পারমানবিক চুল্লী |
| 9 (RLIN) | 209626 |
| Topical term or geographic name as entry element | Nuclear reactors |
| 9 (RLIN) | 209627 |
| 700 ## - ADDED ENTRY--PERSONAL NAME | |
| Personal name | আহমেদ, কামাল |
| 942 ## - ADDED ENTRY ELEMENTS (KOHA) | |
| Source of classification or shelving scheme | Dewey Decimal Classification |
| Koha item type | Books |
| Lost status | Source of classification or shelving scheme | Damaged status | Not for loan | Collection code | Permanent Location | Current Location | Shelving location | Date acquired | Source of acquisition | Cost, normal purchase price | Total Checkouts | Full call number | Date last seen | Copy number | Koha item type |
|---|---|---|---|---|---|---|---|---|---|---|---|---|---|---|---|
| Dewey Decimal Classification | Not For Loan | Non-fiction | Central Library, University of Rajshahi | Central Library, University of Rajshahi | Reading Room | 09/12/2021 | Uddion Library, Dhaka | 150.00 | B 621.483 AHP 1992 | 20/04/2017 | C-1 | Books |